Eastern Utah Libraries Catalog: Duchesne, Heber, Roosevelt, & Vernal

Only the brave (Record no. 307191)

MARC details
000 -LEADER
fixed length control field 03559ngm a22007098i 4500
005 - DATE AND TIME OF LATEST TRANSACTION
control field 20251110163055.0
007 - PHYSICAL DESCRIPTION FIXED FIELD--GENERAL INFORMATION
fixed length control field vd cvaizk
008 - FIXED-LENGTH DATA ELEMENTS--GENERAL INFORMATION
fixed length control field 171215s2018 cau134 g vleng d
024 1# - OTHER STANDARD IDENTIFIER
Standard number or code 043396514713
024 1# - OTHER STANDARD IDENTIFIER
Standard number or code 043396514706
028 42 - PUBLISHER NUMBER
Publisher number 3532739
Source Sony Pictures Home Entertainment
040 ## - CATALOGING SOURCE
Original cataloging agency NjBwBT
Language of cataloging eng
Description conventions rda
Transcribing agency NjBwBT
Modifying agency CTMM
041 1# - LANGUAGE CODE
Language code of text/sound track or separate title fre
Language code of original and/or intermediate translations of text eng
050 14 - LIBRARY OF CONGRESS CALL NUMBER
Classification number PN1997.2
Item number .O55 2018
082 04 - DEWEY DECIMAL CLASSIFICATION NUMBER
Classification number [FIC]
082 04 - DEWEY DECIMAL CLASSIFICATION NUMBER
Classification number 791.43/72
Edition number 23
092 ## - LOCALLY ASSIGNED DEWEY CALL NUMBER (OCLC)
Classification number movie
Item number only the brave
100 ## - MAIN ENTRY--PERSONAL NAME
Personal name Brolin, Josh.
9 (RLIN) 23915
130 0# - MAIN ENTRY--UNIFORM TITLE
Uniform title Only the brave (Motion picture : 2017).
9 (RLIN) 5965231
245 10 - TITLE STATEMENT
Title Only the brave
Medium [videorecording] /
Statement of responsibility, etc directed by Joseph Kosinski.
250 ## - EDITION STATEMENT
Edition statement [Spanish, English or French subtitled version]
264 #1 - Production, Publication, Distribution, Manufacture, and Copyright Notice.
Place of production, publication, distribution, manufacture Culver City, California :
Name of producer, publisher, distributor, manufacturer Sony Pictures Home Entertainment,
Date of production, publication, distribution, manufacture, or copyr [2018]
300 ## - PHYSICAL DESCRIPTION
Extent 1 videodisc (134 min.) :
Other physical details sound, color ;
Dimensions 4 3/4 in.
336 ## - Content Type
Content type term two-dimensional moving image
337 ## - Media type
Media type term video
338 ## - Carrier type
Carrier type term videodisc
500 ## - GENERAL NOTE
General note [Typographic symbols and accents removed for systems compatibility.]
500 ## - GENERAL NOTE
General note Based on the GQ article "No exit" by Sean Flynn.
500 ## - GENERAL NOTE
General note Originally released as a motion picture in 2017.
500 ## - GENERAL NOTE
General note Wide screen (2.39:1).
500 ## - GENERAL NOTE
General note Special features: Deleted scenes; commentaries; Honoring the heroes: the true stories; Behind the brotherhood: The characters; Boot camp: becoming a hotshot; Dierks Bentley featuring S. Carey "Hold the light" music video and featurette; trailers.
508 ## - CREATION/PRODUCTION CREDITS NOTE
Creation/production credits note Music, Joseph Trapanese ; editor, Billy Fox ; director of photography, Claudio Miranda.
511 1# - PARTICIPANT OR PERFORMER NOTE
Participant or performer note Josh Brolin, Miles Teller, Jeff Bridges, Jennifer Connelly, James Badge Dale.
520 ## - SUMMARY, ETC.
Summary, etc Based on the true story of the Granite Mountain Hotshots, a team of local firefighters train together to become one of the most elite firefighting teams in the nation and are tested when an historic wildfire threatens their town.
521 8# - TARGET AUDIENCE NOTE
Target audience note MPAA rating: PG-13.
546 ## - LANGUAGE NOTE
Language note In English or French with optional English, French, or Spanish subtitles.
546 ## - LANGUAGE NOTE
Language note Closed-captioned.
600 10 - SUBJECT ADDED ENTRY--PERSONAL NAME
Personal name Flynn, Sean,
Dates associated with a name 1964-
Form subdivision Film adaptations.
9 (RLIN) 5965233
610 20 - SUBJECT ADDED ENTRY--CORPORATE NAME
Corporate name or jurisdiction name as entry element Granite Mountain Hotshots (Wildfire fighters)
Form subdivision Drama.
9 (RLIN) 5965234
650 #0 - SUBJECT ADDED ENTRY--TOPICAL TERM
Topical term or geographic name as entry element Wildfire fighters
Geographic subdivision Arizona
-- Prescott
Form subdivision Drama.
9 (RLIN) 6555478
650 #0 - SUBJECT ADDED ENTRY--TOPICAL TERM
Topical term or geographic name as entry element Fire fighters
Geographic subdivision Arizona
-- Prescott
Form subdivision Drama.
9 (RLIN) 6555479
655 #7 - INDEX TERM--GENRE/FORM
Genre/form data or focus term Biographical films.
Source of term lcgft.
9 (RLIN) 102649
655 #7 - INDEX TERM--GENRE/FORM
Genre/form data or focus term Film adaptations.
Source of term lcgft.
9 (RLIN) 5965239
655 #7 - INDEX TERM--GENRE/FORM
Genre/form data or focus term Feature films.
Source of term lcgft.
9 (RLIN) 5965241
655 #7 - INDEX TERM--GENRE/FORM
Genre/form data or focus term Fiction films.
Source of term lcgft.
9 (RLIN) 5674705
655 #7 - INDEX TERM--GENRE/FORM
Genre/form data or focus term Video recordings for the hearing impaired.
Source of term lcgft.
9 (RLIN) 5965242
700 1# - ADDED ENTRY--PERSONAL NAME
Personal name Kosinski, Joseph,
Dates associated with a name 1974-
Relator term director.
9 (RLIN) 5965243
700 1# - ADDED ENTRY--PERSONAL NAME
Personal name Brolin, Josh,
Relator term actor.
9 (RLIN) 23915
700 1# - ADDED ENTRY--PERSONAL NAME
Personal name Teller, Miles,
Relator term actor.
9 (RLIN) 5887867
700 1# - ADDED ENTRY--PERSONAL NAME
Personal name Bridges, Jeff,
Dates associated with a name 1949-
Relator term actor.
9 (RLIN) 27693
700 1# - ADDED ENTRY--PERSONAL NAME
Personal name Flynn, Sean,
Dates associated with a name 1964-
Title of a work No exit.
9 (RLIN) 5965244
700 1# - ADDED ENTRY--PERSONAL NAME
Personal name Nolan, Ken,
Relator term screenwriter.
9 (RLIN) 68299
700 1# - ADDED ENTRY--PERSONAL NAME
Personal name Singer, Eric Warren,
Relator term screenwriter.
9 (RLIN) 5965063
710 2# - ADDED ENTRY--CORPORATE NAME
Corporate name or jurisdiction name as entry element Columbia Pictures,
Relator term presenter.
9 (RLIN) 23896
710 2# - ADDED ENTRY--CORPORATE NAME
Corporate name or jurisdiction name as entry element Black Label Media (Firm),
Relator term presenter,
-- production company.
9 (RLIN) 5965066
710 2# - ADDED ENTRY--CORPORATE NAME
Corporate name or jurisdiction name as entry element Di Bonaventura Pictures,
Relator term production company.
9 (RLIN) 5754442
710 2# - ADDED ENTRY--CORPORATE NAME
Corporate name or jurisdiction name as entry element Condé Nast Entertainment (Firm),
Relator term production company.
9 (RLIN) 5965067
730 02 - ADDED ENTRY--UNIFORM TITLE
Uniform title Only the brave (Motion picture : 2017).
Medium [Two-dimensional moving image.]
Language of a work French.
9 (RLIN) 5965245
942 ## - ADDED ENTRY ELEMENTS (KOHA)
Koha item type DVD
Source of classification or shelving scheme Dewey Decimal Classification
948 ## - LOCAL PROCESSING INFORMATION (OCLC); SERIES PART DESIGNATOR (RLIN)
Series part designator, SPT (RLIN) 03/20/2018
z (OCLC) Sirsi
949 ## - LOCAL PROCESSING INFORMATION (OCLC)
n www.MicroMarketing.org 800-229-9887
Holdings
Withdrawn status Lost status Source of classification or shelving scheme Materials specified (bound volume or other part) Damaged status Not for loan Collection code Home library Current library Shelving location Date acquired Source of acquisition Total Checkouts Total Renewals Full call number Barcode Date last seen Date checked out Cost, replacement price Price effective from Koha item type
    Dewey Decimal Classification 1 blu-ray, 1 dvd     Movies Wasatch County Library Wasatch County Library Audio Visual Area 09/21/2018 Amazon 21 7 Movie Only the Brave 34301001560723 11/12/2025 10/17/2025 10.00 03/20/2020 Blu-ray/DVD
This project was made possible through a grant from the Institute of Museum and Library Service administered by the Utah State Library Division.

Wasatch County Library

  • 465 East 1200 South, Heber City, Utah 84032
  • Phone 435-654-1511 | Fax 435-654-6456

Hours

  • Monday - Friday 9:30 AM - 8:00 PM
  • Saturday 9:30 AM - 1:30 PM
  • Closed Sundays and Holidays